| 000 | 02210cam a2200313 a 4500 | ||
|---|---|---|---|
| 999 |
_c129634 _d129634 |
||
| 001 | 15634495 | ||
| 003 | ARRUPE | ||
| 005 | 20190522104022.0 | ||
| 008 | 090223s2009 miu b 001 0 eng | ||
| 010 | _a 2009007562 | ||
| 020 | _a9780802807748 (pbk. : alk. paper) | ||
| 020 | _a0802807747 (alk. paper) | ||
| 035 | _a(OCoLC)ocn262878946 | ||
| 040 |
_aDLC _cDLC _dYDX _dBTCTA _dYDXCP _dEMT _dTLE _dCDX _dDLC |
||
| 041 | 1 |
_aeng _hfre _hlat |
|
| 050 | 0 | 0 |
_aBX9420 _b.I65 2014 |
| 082 | 0 | 0 |
_a230/.42 _222 |
| 100 | 1 |
_aCalvin, Jean, _d1509-1564. _927715 |
|
| 245 | 1 | 0 |
_aInstitutes of the Christian religion : _bCalvin's own 'essentials' edition / _cJohn Calvin ; translated from the first French edition by Robert White |
| 260 |
_aEdinburgh : _bThe banner of truth trust., _c2014. |
||
| 300 |
_axxxvi, 882 p. ; _c23 cm. |
||
| 500 | _aIncludes bibliographical references and indexes. | ||
| 505 | 0 | _aIntroduction / by Elsie Anne McKee -- The argument of this book -- Dedication to Francis I -- Of the knowledge of God -- Of the knowledge of man and of free will -- Of the law -- Of faith, where the Apostles' Creed is explained -- Of penitence -- Of justification by faith and by the merits of works -- Of the similarities and differences between the Old and New Testaments -- Of God's predestination and providence -- Of prayer, where the prayer of Our Lord is explained -- Of the Sacraments -- Of Baptism -- Of the Lord's Supper -- Of the five other ceremonies falsely called Sacraments : that is, confirmation, penance, extreme unction, ecclesiastical orders, and marriage -- Of Christian liberty -- Of the power of the church -- Of civil government -- Of the Christian life. | |
| 650 | 0 |
_aReformed Church _xDoctrines _vEarly works to 1800. _946490 |
|
| 650 | 0 |
_aTheology, Doctrinal _vEarly works to 1800. _946491 |
|
| 700 | 1 |
_aWhite, Robert _918229 |
|
| 906 |
_a7 _bcbc _corignew _d1 _eecip _f20 _gy-gencatlg |
||
| 942 |
_2lcc _cMONOGRAPH |
||